000 00700nam a2200265 a 4500
005 20140414132104.0
008 100813s19uu xx 00 eng d
020 _a978-971-92221
050 _aTR-FIL 306.409599
_bD37 2009
100 _ade la Torre, Visitacion "Chit"
245 _aOutstanding filipino achievers.
260 _aPhilippines :
_bSouthville International School and Colleges,
_c2009.
300 _a408
650 _aCultural Icons - Philipinnes
650 _aPopular Images - Philippines
999 _c114543
_d114543